000 00481cam a22002051 4500
001 sa 64003359
003 DLC
005 20260227112016.0
008 881028s1963 xx 000 0 beno
010 _asa 64003359
035 _a(OCoLC)23567978
040 _aDLC
_cMiU
_dDLC
042 _apremarc
050 0 0 _aPK1718.S28
_bL3
100 1 _aSanyal, Diptendrakumar,
_d1924-1966.
245 1 0 _aLalitā.
260 _c[1963]
300 _a87 p.
_c22 cm.
500 _aRomanized.
999 _c57865
_d57865